000 00733nam a22002057a 4500
008 161007b xxu||||| |||| 00| 0 eng d
020 _a 0886713625
020 _a9780886713621
050 _aLB 3012.2
_b.A43 1989
100 _aAlbert, Linda
245 _aA teacher's guide to cooperative discipline :
_bhow to manage your classroom and promote self-esteem/
_cLinda Albert, Wily Roy and Andy Lepage.
260 _aMinnesota (circle pines) :
_bAGS,
_c1989.
300 _ax, 165p. :
_bill. ;
_c25cm.
500 _aInclude appendix.
650 _a School discipline
_xUnited States.
650 _aSelf-esteem.
700 _aRoy, Willy
700 _aLepage, Andy
942 _2lcc
_cBOOKS
_hLB 3012.2 .A43 1989
999 _c14723
_d14723